Singapour - Choix multiples - Statistiques

Statistiques générales
  • Ce quiz a été pris 3 139 fois
    3 067 depuis la dernière actualisation
  • Le résultat moyen est 6 sur 10
Statistiques - réponses
Question Réponse % Correct
Quelle puissance européenne a acheté le contrôle de la ville en 1819 ? Royaume-Uni
83%
Parmi ces choix qu'est-il interdit de vendre à Singapour ? Les chewing-gums
71%
Lequel de ces circuits du jeu Mario Kart Tour se déroule à Singapour ?
70%
Lequel de ces monuments ne se trouve PAS à Singapour ?
69%
Qu'est-ce que le "vortex de pluie" que l'on trouve dans l'aéroport de Singapour-Changi ? Une cascade
64%
Lequel de ces films se déroule à Singapour ? Crazy Rich Asians
60%
Que représente la statue du Merlion, l'un des symboles de la ville ? Un lion à corps de poisson
60%
Laquelle de ces langues n'est PAS une langue officielle à Singapour ? Indonésien
55%
Quelle ville malaisienne est frontalière par ponts avec Singapour ? Johor Bahru
43%
Laquelle de ces compétitions sportives internationales s'est déroulée pour la première fois en 2010 à Singapour ? Jeux Olympiques de la Jeunesse
34%
Aucun quiz correspondant
Distribution des résultats
% des personnes avec chaque résultat
Percentile par nombre de réponses
Votre historique - résultats
Vous n’avez pas pris ce quiz depuis la dernière actualisation